| 000 | 00378nam a22001577a 4500 | ||
|---|---|---|---|
| 003 | OSt | ||
| 005 | 20250303144142.0 | ||
| 008 | 250303b |||||||| |||| 00| 0 eng d | ||
| 020 | _a9780070141605 | ||
| 040 | _cIIMT UNIVERSITY | ||
| 100 | _a E BalagurusamY | ||
| 245 | _aFundamentals of Computers | ||
| 260 |
_aNew Delhi _bMcgraw hill _c2024 |
||
| 300 | _a476 | ||
| 942 |
_2ddc _c02 |
||
| 999 |
_c65263 _d65263 |
||